00542nam a2200241Ia 450000500170000000800460001702000180006303700100008104000080009104000080009904000080010704100080011504100080012308400080013110000170013924500210015624500250017726000230020226000090022536500050023436500080023985600530024720260324130122.0008 260324s9999 xx 000 0 eng d a9780203893678 aEBOOK aCRL beng cCRL 2eng aeng qCRL aKevin Hylton 0a'Race' and Sport 0bCritical Race Theory bTaylor and Francis c2008 a b255 uhttp://www.taylorfrancis.com/books/9780203893678